Paul; his apostleship and message. (Record no. 12702)

000 -LEADER
fixed length control field 00502nam a2200169 a 4500
001 - CONTROL NUMBER
control field :::00010516$&:&@@
003 - CONTROL NUMBER IDENTIFIER
control field OkBaRHE
005 - DATE AND TIME OF LATEST TRANSACTION
control field 20001031112310.0
008 - FIXED-LENGTH DATA ELEMENTS--GENERAL INFORMATION
fixed length control field s1985 j 000 0 eng u
040 ## - CATALOGING SOURCE
Transcribing agency
100 1# - MAIN ENTRY--PERSONAL NAME
Personal name Stam, Cornelius R.
245 10 - TITLE STATEMENT
Title Paul; his apostleship and message.
260 ## - PUBLICATION, DISTRIBUTION, ETC. (IMPRINT)
Place of publication, distribution, etc Chicago, Illinois
Name of publisher, distributor, etc Berean Bible Society
Date of publication, distribution, etc 1985
300 ## - PHYSICAL DESCRIPTION
Extent 191 p.
942 ## - ADDED ENTRY ELEMENTS (KOHA)
Source of classification or shelving scheme
Koha item type Books
Copies
Shelving location Date acquired Permanent Location Withdrawn status Copy number Koha item type Lost status Source of classification or shelving scheme Not for loan Date last seen Damaged status Full call number Price effective from Barcode
General Stacks2010-04-14RHEMA Bible Training College 1Books   2018-03-16 BS 2505 .S72010-04-1410516